Microeconomics (Record no. 469323)

MARC details
000 -LEADER
fixed length control field 00568nam a2200205Ia 4500
008 - FIXED-LENGTH DATA ELEMENTS--GENERAL INFORMATION
fixed length control field 210417s9999 xx 000 0 und d
020 ## - INTERNATIONAL STANDARD BOOK NUMBER
International Standard Book Number 9781292079578
-- 1292079576
082 ## - DEWEY DECIMAL CLASSIFICATION NUMBER
Classification number 338.5 ACE
Item number 22.338.5 ACE
245 #0 - TITLE STATEMENT
Title Microeconomics
Statement of responsibility, etc. Microeconomics
250 ## - EDITION STATEMENT
Edition statement global ed.
Remainder of edition statement 483p. : ill. ; 28 cm. ; pbk.
260 ## - PUBLICATION, DISTRIBUTION, ETC.
Place of publication, distribution, etc. United States
Name of publisher, distributor, etc. Pearson Education
Date of publication, distribution, etc. 2016
700 ## - ADDED ENTRY--PERSONAL NAME
Personal name "Acemoglu Daron , Laibson David, List John A. "
Numeration "Daron Acemoglu, David Laibson, John A list"

No items available.

Find us on the map